[Event "aut_ychb12 St. Georgen"]
[Site "?"]
[Date "2007.??.??"]
[Round "7.2"]
[White "Ly, Daniel"]
[Black "Menezes, Christoph"]
[Result "0-1"]
[WhiteElo "1618"]
[BlackElo "1615"]
[PlyCount "110"]
[EventDate "2007.05.26"]

1. e4 c5 2. Nf3 d6 3. d4 cxd4 4. Nxd4 Nf6 5. Nc3 a6 6. Be3 e6 7. f3 Be7 8. Bd3
O-O 9. Qd2 b5 10. a3 Qc7 11. g4 Bb7 12. h4 Nc6 13. Nb3 Ne5 14. Qe2 Nc4 15. Bxc4
bxc4 16. Nd4 d5 17. g5 Nh5 18. Qg2 e5 19. Qg4 exd4 20. Bxd4 Qg3+ 21. Bf2 Qxg4
22. fxg4 Nf4 23. Bg3 d4 24. Na4 Ne6 25. Nb6 Ra7 26. Nxc4 Bxe4 27. Rh2 Rc8 28.
b3 Bd5 29. Nb6 Rd8 30. b4 Rb7 31. Nxd5 Rxd5 32. Rd2 f6 33. c4 Rdd7 34. gxf6
Bxf6 35. g5 Be7 36. c5 Nd8 37. Rad1 Nc6 38. Bf2 a5 39. Bxd4 axb4 40. axb4 Rxb4
41. Bf2 Rxd2 42. Rxd2 Rb8 43. Rc2 Rc8 44. Kd2 Ne5 45. Ke2 Rc6 46. Bg3 Nd7 47.
Bf2 Nxc5 48. Kf3 Rc7 49. Rd2 Rd7 50. Bxc5 Rxd2 51. Bxe7 Kf7 52. Bc5 Kg6 53. Bf2
Kh5 54. Kg2 Rxf2+ 55. Kxf2 Kxh4 0-1

[Event "aut_ychb12 St. Georgen"]
[Site "?"]
[Date "2007.??.??"]
[Round "7.3"]
[White "Stolzlechner, Andreas"]
[Black "Dalnodar, Bernhard"]
[Result "1/2-1/2"]
[WhiteElo "1386"]
[BlackElo "1586"]
[PlyCount "111"]
[EventDate "2007.05.26"]

1. e4 c5 2. Nf3 d6 3. Bb5+ Bd7 4. Bxd7+ Qxd7 5. c3 Nc6 6. d4 cxd4 7. Nxd4 Nf6
8. Qe2 Rc8 9. O-O g6 10. Rd1 Bg7 11. Nxc6 Qxc6 12. e5 dxe5 13. Qxe5 Qc5 14.
Qxc5 Rxc5 15. Be3 Ra5 16. Nd2 b6 17. Nb3 Rd5 18. Rxd5 Nxd5 19. Bd4 O-O 20. Bxg7
Kxg7 21. Rd1 e6 22. h3 Rc8 23. Nd4 Rc5 24. Nb3 Rc4 25. Rd4 Rxd4 26. Nxd4 Kf6
27. g3 a6 28. Kg2 e5 29. Nc6 Ke6 30. Nd8+ Ke7 31. Nc6+ Kd6 32. Nd8 f6 33. Nf7+
Ke6 34. Nh6 e4 35. Ng4 f5 36. Ne3 Nxe3+ 37. fxe3 g5 38. h4 h6 39. hxg5 hxg5 40.
Kf2 Kd5 41. Ke2 Ke5 42. c4 f4 43. exf4+ gxf4 44. gxf4+ Kxf4 45. b4 e3 46. c5
bxc5 47. bxc5 Ke5 48. c6 Kd6 49. c7 Kxc7 50. Kxe3 Kb6 51. Kd3 Kb5 52. Kc3 a5
53. Kb3 a4+ 54. Kc3 Kc5 55. a3 Kb5 56. Kd4 1/2-1/2

[Event "aut_ychb12 St. Georgen"]
[Site "?"]
[Date "2007.??.??"]
[Round "7.4"]
[White "Stelzeneder, Jonas"]
[Black "Sauer, Jakob"]
[Result "1-0"]
[WhiteElo "1431"]
[BlackElo "1523"]
[PlyCount "59"]
[EventDate "2007.05.26"]

1. e4 e6 2. d4 d5 3. Nc3 Bb4 4. e5 c5 5. a3 Ba5 6. b4 cxd4 7. Nb5 Bc7 8. Nf3
Nc6 9. Qe2 a6 10. Nxc7+ Qxc7 11. Bb2 Nge7 12. Bxd4 Nf5 13. Bb2 Bd7 14. Rd1 O-O
15. h3 Na7 16. g4 Ne7 17. h4 Bb5 18. Qd2 Bxf1 19. Rxf1 Rac8 20. c3 f6 21. exf6
Rxf6 22. Qe3 Nac6 23. c4 Rf4 24. Qxe6+ Kh8 25. Ng5 Nd8 26. Qe2 h6 27. Be5 Qxc4
28. Bxg7+ Kxg7 29. Qxe7+ Kg6 30. h5# 1-0

[Event "aut_ychb12 St. Georgen"]
[Site "?"]
[Date "2007.??.??"]
[Round "7.6"]
[White "Penz, Florian"]
[Black "Pilsan, Aaron"]
[Result "1-0"]
[WhiteElo "1408"]
[BlackElo "1638"]
[PlyCount "75"]
[EventDate "2007.05.26"]

1. d4 d5 2. c4 e6 3. Nc3 c6 4. cxd5 exd5 5. Qc2 Nf6 6. Bg5 Be7 7. e3 h6 8. Bh4
O-O 9. Bd3 Nbd7 10. Nf3 Re8 11. O-O Qc7 12. Rab1 Bd6 13. Rfc1 b6 14. Nb5 cxb5
15. Qxc7 Bxc7 16. Rxc7 a6 17. Rbc1 Rb8 18. Bf5 g6 19. Bh3 g5 20. Nxg5 hxg5 21.
Bxg5 Ne4 22. Bh4 Ndc5 23. Bxc8 Rexc8 24. Rxc8+ Rxc8 25. dxc5 Nxc5 26. b4 Kf8
27. bxc5 bxc5 28. Kf1 b4 29. Ke2 c4 30. Bf6 a5 31. h4 Kg8 32. g4 a4 33. Kd2 a3
34. Rb1 Rb8 35. Kc2 Kh7 36. Bc3 Kg6 37. Rxb4 Ra8 38. Rb5 1-0

[Event "aut_ychb12 St. Georgen"]
[Site "?"]
[Date "2007.??.??"]
[Round "7.7"]
[White "Binder, Moriz"]
[Black "Negovanovic, Daniel"]
[Result "0-1"]
[WhiteElo "1626"]
[BlackElo "1223"]
[PlyCount "64"]
[EventDate "2007.05.26"]

1. d4 d5 2. c4 e6 3. Nc3 Nf6 4. Nf3 Nbd7 5. Bg5 c6 6. e3 Qa5 7. Bd3 dxc4 8.
Bxc4 Ne4 9. Qc2 Nxg5 10. Nxg5 Qxg5 11. O-O Be7 12. Ne4 Qh6 13. Bd3 Nf6 14. f4
Nxe4 15. Bxe4 Qf6 16. Rf3 g6 17. Raf1 O-O 18. f5 exf5 19. Kh1 Qd6 20. Bd3 Bd7
21. Rg3 Bh4 22. Rh3 Be7 23. Rg3 Kh8 24. Qd2 g5 25. Bxf5 Bxf5 26. Rxf5 h6 27.
Rh3 Qg6 28. Rf1 Rad8 29. Qe2 Kg7 30. Rff3 f6 31. Rhg3 Bd6 32. Rh3 g4 0-1

[Event "aut_ychb12 St. Georgen"]
[Site "?"]
[Date "2007.??.??"]
[Round "7.8"]
[White "Lehner, Valentin"]
[Black "Gmasz, Patrick"]
[Result "1-0"]
[WhiteElo "1334"]
[BlackElo "1454"]
[PlyCount "55"]
[EventDate "2007.05.26"]

1. e4 e5 2. Nf3 Nc6 3. Nc3 Nf6 4. d4 exd4 5. Nxd4 Bc5 6. Be3 O-O 7. Bd3 Re8 8.
Nxc6 dxc6 9. Bxc5 b6 10. Be3 Bb7 11. Bg5 h6 12. Bh4 Qd6 13. Qf3 Nd5 14. O-O
Nxc3 15. bxc3 c5 16. Rfe1 Qe6 17. Qf5 Qd6 18. Rad1 Qe6 19. Qxe6 Rxe6 20. f3
Rae8 21. Bc4 Rd6 22. Bg3 Rxd1 23. Rxd1 c6 24. Rd7 Bc8 25. Bxf7+ Kf8 26. Bd6+
Re7 27. Rxe7 a5 28. Rc7# 1-0

[Event "aut_ychb12 St. Georgen"]
[Site "?"]
[Date "2007.??.??"]
[Round "7.9"]
[White "Halvax, Alexander"]
[Black "Gassner, Mathias"]
[Result "1-0"]
[WhiteElo "1513"]
[BlackElo "1456"]
[PlyCount "60"]
[EventDate "2007.05.26"]

1. e4 e5 2. Nf3 Nc6 3. d4 exd4 4. Nxd4 Bc5 5. Be3 Qf6 6. Nb5 Bxe3 7. fxe3 Kd8
8. N1c3 Nge7 9. Nd4 d6 10. Bb5 Bd7 11. b3 a6 12. Bxc6 Bxc6 13. Qf3 Qg6 14.
Nxc6+ Nxc6 15. Rf1 Ne5 16. Qh3 Ng4 17. Qh4+ f6 18. Rf3 c6 19. Rg3 Kc7 20. Qxg4
Qxg4 21. Rxg4 g5 22. O-O-O Rad8 23. Rf1 Rhf8 24. Rg3 Rf7 25. Rgf3 Rdf8 26. Ne2
Kd7 27. Nd4 c5 28. Nf5 Ke6 29. Nh6 Rc7 30. Rf5 Rcc8 1-0

[Event "aut_ychb12 St. Georgen"]
[Site "?"]
[Date "2007.??.??"]
[Round "7.10"]
[White "Ramsbacher, Stefan"]
[Black "Pototschnig, Dominik"]
[Result "1-0"]
[WhiteElo "1392"]
[BlackElo "1338"]
[PlyCount "111"]
[EventDate "2007.05.26"]

1. e4 e6 2. d4 d5 3. exd5 exd5 4. Bd3 Nc6 5. Nf3 Nf6 6. Bg5 Be7 7. O-O h6 8.
Bh4 O-O 9. c3 Bg4 10. Nbd2 Bd6 11. h3 Bh5 12. Qc2 Qd7 13. Rfe1 Bf4 14. Bxf6
gxf6 15. Bh7+ Kh8 16. Qf5 Qxf5 17. Bxf5 Bxf3 18. Nxf3 Na5 19. b3 c6 20. Bd3
Rfe8 21. b4 Nc4 22. Bxc4 dxc4 23. g3 Bd6 24. Nh4 b5 25. Nf5 Bc7 26. Nxh6 Kg7
27. Nf5+ Kg6 28. Nh4+ Kg5 29. Kf1 a5 30. Rxe8 Rxe8 31. Re1 Rxe1+ 32. Kxe1 axb4
33. cxb4 Kh5 34. Ke2 Kg5 35. Nf3+ Kh5 36. Nd2 f5 37. Ke3 Kg5 38. Nf3+ Kf6 39.
Kd2 f4 40. gxf4 Bxf4+ 41. Kc3 Kf5 42. d5 cxd5 43. Nd4+ Ke4 44. Nxb5 Be5+ 45.
Kc2 d4 46. a4 d3+ 47. Kd2 Bf4+ 48. Kd1 Be5 49. a5 c3 50. Na3 c2+ 51. Nxc2 dxc2+
52. Kxc2 Bb8 53. Kc3 Kd5 54. Kb3 Kc6 55. Kc4 f5 56. b5+ 1-0